000 01191nam a22003497a 4500
003 CHAP
005 20240513083951.0
008 100504s2008 us a r 00010 eng d
010 _a98333
011 _a99305
020 _a9789264042209
035 _a109991
040 _cCHAP
082 1 4 _a621.042
_bO42
110 1 _aOrganización para la Cooperación y el Desarrollo Económicos. París
_983559
245 1 0 _aDeploying renewables:
_bprinciples for effective policies
_c/por Organisation for Econommic co-operation and Development
260 _aParis, Fra. :
_bInternational Energy Agency,
_c2008
300 _a198 p. :
_bilus., cuadros, gráfs.
_e+ CD (4 3/4 plg.)
500 _aContiene un CD Rom
590 _aBATCH-UPD
_b10
_c20130110
590 _aBATCH-UPD
_b10
_c20130410
590 _aBATCH-UPD
_b10
_c20130914
590 _aCONVERSION
_b10
_c20130109
650 1 4 _aEnergía eólica.
_936903
650 1 4 _aEnergía geotérmica.
_936904
650 1 4 _aEnergía renovable.
_936910
650 1 4 _aEnergía solar.
_936911
901 _aBK
911 _aen proceso
942 _cLIBRO
_2ddc
949 _a621.042 Oc19
_bBC
_cLIBRO
_d33724002126280
_eLIBRO
_gI.c/e
_h112459
_i109991
_sb
999 _c98333
_d98333